| 000 | 01286nam a2200349 a 4500 | ||
|---|---|---|---|
| 001 | ebr10235171 | ||
| 003 | CaPaEBR | ||
| 006 | m u | ||
| 007 | cr cn||||||||| | ||
| 008 | 081103s2007 enk ss 000 0 eng d | ||
| 020 | _z9781861978448 | ||
| 020 | _z9781847650313 | ||
| 040 |
_aCaPaEBR _cCaPaEBR |
||
| 035 | _a(OCoLC)568244882 | ||
| 050 | 1 | 4 |
_aHA155 _b.P63 2007eb |
| 245 | 0 | 0 |
_aPocket world in figures _h[electronic resource]. |
| 250 | _a2008 ed. | ||
| 260 |
_aLondon : _bEconomist in association with Profile Books, _c2007. |
||
| 300 | _a254 p. | ||
| 500 | _aAt head of title: The Economist. | ||
| 505 | 0 | _apt. 1. World rankings -- pt. 2. Country profiles. | |
| 533 |
_aElectronic reproduction. _bPalo Alto, Calif. : _cebrary, _d2013. _nAvailable via World Wide Web. _nAccess may be limited to ebrary affiliated libraries. |
||
| 650 | 0 | _aStatistics. | |
| 650 | 0 | _aSocial indicators. | |
| 650 | 0 |
_aPopulation _vStatistics. |
|
| 650 | 0 |
_aQuality of life _vStatistics. |
|
| 650 | 0 |
_aEconomic history _y1990- _vStatistics. |
|
| 650 | 0 | _aEconomic indicators. | |
| 655 | 7 |
_aElectronic books. _2local |
|
| 710 | 2 | _aebrary, Inc. | |
| 856 | 4 | 0 |
_uhttp://site.ebrary.com/lib/rucke/Doc?id=10235171 _zAn electronic book accessible through the World Wide Web; click to view |
| 999 |
_c38715 _d38715 |
||